| 000 | 01636nam0a2200373 4500 | ||
|---|---|---|---|
| 001 | RU\NLR\bibl\741027 | ||
| 005 | 20250614003031.0 | ||
| 010 |
_a5-7654-3601-3 _bв обл. _92000 |
||
| 021 |
_aRU _b2004-38656 _91924 |
||
| 035 | _aRSL-KNO-002447663 | ||
| 035 | _a(NLR Aleph) 000730912 | ||
| 090 |
_a762027 _c762027 |
||
| 100 | _a20040702d2004 |||y0rusy50 ca | ||
| 101 | 1 |
_arus _ceng |
|
| 102 | _aRU | ||
| 105 | _aa ||||||||| | ||
| 106 | _ar | ||
| 200 | 1 |
_aКлючевые рыночные концепции _eнастол. кн. по операциям на рынках денег, капитала и валюты _fБоб Стайнер _g[пер. с англ. В.И. Кузин] |
|
| 210 |
_aСПб. _cНева _cНева экономикс _d2004 _eПФ Красный пролетарий |
||
| 215 |
_a237 с. _cил., табл. _d24 |
||
| 225 | 1 | _aСовременный бизнес | |
| 300 | _aЗагл. и авт. ориг.: Key Market Concepts/ Bob Steiner | ||
| 454 | 0 |
_12001#$aKey Market Concepts$fBob Steiner _1700#1$aSteiner$bB.$gBob$4070 _tKey Market Concepts _aSteiner, Bob |
|
| 606 | 1 |
_aРынки финансовые _92085236 _3RU\NLR\auth\661261350 |
|
| 610 | 0 | _aЭкономика -- Капиталистические страны -- Финансы -- Финансовый рынок -- Финансовые расчеты | |
| 686 |
_aУ826.229-26,0 _2rubbk |
||
| 686 | _aУ26(0)229.5 | ||
| 700 | 1 |
_aСтайнер _bБ. _gБоб _4070 |
|
| 801 | 0 |
_aRU _bRuMoRKP _c20040702 _grcr |
|
| 801 | 1 |
_aRU _bRuMoRGB _c20040702 |
|
| 801 | 2 |
_aRU _bNLR _c20050328 _gPSBO |
|
| 942 | _cBOOK | ||
| 980 | _aNB | ||